000 00560nam a2200181Ia 4500
008 151202s9999||||xx |||||||||||||| ||und||
082 _bPNVM-83494
100 _aमांडके अलका.
245 _aहृदयस्थ.
260 _b"ग्रंथाली प्रकाशन दादर,मुंबई."
260 _c2009
300 _a236
600 _aमांडके अलका.
630 _aहृदयस्थ.
700 _aमांडके अलका.
730 _aहृदयस्थ.
942 _cBOOK
999 _c1348320
_d1348317